| 000 | 01267nam a22003135i 4500 | ||
|---|---|---|---|
| 001 | 165699 | ||
| 003 | ES-MaACL | ||
| 005 | 20250716091807.0 | ||
| 008 | 990318m18429999fr |||| |dfre d | ||
| 040 |
_aCCPB | B _bspa _cCCPB | B |
||
| 080 | _a1 Spinoza, Benedictus de | ||
| 080 | _a929 Spinoza, Benedictus de | ||
| 100 | 1 |
_aSpinoza, Benedictus de. _eaut _9107750 |
|
| 245 | 1 | 0 |
_aOeuvres de Spinoza / _ctraduites par Émile Saisset ; avec une introduction du traducteur. |
| 260 |
_aParis : _bCharpentier, _c1842. |
||
| 300 |
_a1 volumen ; _c18 cm. |
||
| 490 | 1 | _aBibliothèque Charpentier | |
| 505 | 0 | _aPremière serie: Introduction (CVIII p.); Vie de Spinoza (p.1-50); Thèologie de Spinoza (p. 51-338); Notes marginales (p. 339-354) | |
| 597 | _aAntep. | ||
| 600 | 1 | 4 |
_aSpinoza, Benedictus de- _xBiografías. _9132866 |
| 600 | 1 | 4 |
_aSpinoza, Benedictus de- _xReligión. _9132868 |
| 700 | 1 |
_aSaisset, Émile, _d1814-1863 _etrl _9101616 |
|
| 830 | 0 |
_aBibliothèque Charpentier _9182245 |
|
| 852 |
_aES-MaACL _cSVI _gFirma autógrafa de Antonio Aura Boronat, Madrid agosto 1874 _hDonativo de Antonio Aura Boronat _jD-5072 _xCartoné |
||
| 942 |
_2udc _cMONANT _n0 |
||
| 999 |
_c165699 _d165699 |
||